000
00320nam a22001337a 4500
008
180206b xxu||||| |||| 00| 0 eng d
020
_a
0566005816
041
_a
eng
080
_a
658
100
_a
54
101
_a
LID
245
_a
Organizational Structures and National Contigencies
_c
Mansfield, R
942
_2
udc
_c
BK
999
_c
41866
_d
41866